000 01090nam a22002657a 4500
999 _c166320
_d166320
003 dpl
005 20190719142126.0
008 190715b ||||| |||| 00| 0 eng d
010 _aB-057728
020 _c150.00
035 _aB-057728
037 _bBPPD/PUB
040 _aDPL
_bHN
_c0
082 _a821
_bभावसा
100 _aभावसर
_944896
245 _aकरवटें अभीव्यक्ति की
_cडॉ वीरबाला भावसर
_hHN
246 _aKARVTEN ABHIVYAKTI
_bDr Veerbala Bhavsar
260 _aजयपुर
_bविरल प्रकाशन
_c2001
270 _bजयपुर
_a41/36 वरुण पंथ, मानसरोवर जयपुर
300 _a225 पृ
_c21सेमी (सजिल्द)
650 _aहिंदी--पत्रकारिता
_91191
650 _aहिंदी--पत्रकारिता-प्रमुख पत्रकार
_978586
650 _aHindi - journalism-chief reportery
_978587
942 _2ddc
_cHN
_h821
_mभावसार